000 00459nam a2200157 a 4500
005 20140412111337.0
008 031017s19uu xx 00 eng d
020 _a0-02-181004-4
050 _aTR(GS 372.4
_bA36 1997
100 _aAoki, Elaine Mei
245 _aSpotlight on literacy /
_cElaine Mei Aoki & et al.
260 _aNew York :
_bMacmillan/McGraw-Hill,
_c1997.
300 _a232 p. ; G21
650 _aReading--Study and Teaching
999 _c105047
_d105047